[Event "24th Dubai Open A 2024"]
[Site "Dubai UAE"]
[Date "2024.05.28"]
[Round "4.2"]
[White "Dimakiling, Oliver"]
[Black "Sadhwani, Raunak"]
[Result "0-1"]
[WhiteTitle "IM"]
[BlackTitle "GM"]
[WhiteElo "2425"]
[BlackElo "2654"]
[WhiteFideId "5202248"]
[BlackFideId "35093487"]
[EventDate "2024.05.25"]

1. Nf3 Nf6 2. d4 g6 3. g3 Bg7 4. Bg2 O-O 5. O-O d6 6. Re1 Nbd7 7. e4 e5 8. Nc3
c6 9. a4 Qc7 10. a5 exd4 11. Nxd4 a6 12. h3 Re8 13. Bf4 Ne5 14. g4 h5 15. g5 Nh7
16. Bc1 b5 17. axb6 Qxb6 18. Nb3 Be6 19. Be3 Qb8 20. Na5 Qxb2 21. Na4 Qb5 22.
Nb6 Rab8 23. c4 Qb4 24. Qb1 c5 25. Qxb4 cxb4 26. Red1 Nxg5 27. Rab1 Nxh3+ 28.
Kf1 Ng4 29. Rxd6 Bf8 30. Rc6 Nhxf2 31. Bxf2 Nxf2 32. Nd5 Ng4 33. Rxa6 Bxd5 34.
cxd5 Ne3+ 35. Kf2 Nxg2 36. Kxg2 Rxe4 37. d6 Rd4 38. Nc6 Rd2+ 39. Kf3 Re8 40.
Nxb4 Bxd6 0-1

[Event "24th Dubai Open A 2024"]
[Site "Dubai UAE"]
[Date "2024.05.28"]
[Round "4.3"]
[White "Dai, Changren"]
[Black "Ivic, Velimir"]
[Result "1/2-1/2"]
[WhiteTitle "GM"]
[BlackTitle "GM"]
[WhiteElo "2510"]
[BlackElo "2595"]
[WhiteFideId "8608156"]
[BlackFideId "950122"]
[EventDate "2024.05.25"]

1. e4 c5 2. Nf3 d6 3. d4 cxd4 4. Nxd4 Nf6 5. Nc3 a6 6. Be2 e5 7. Nb3 Be7 8. O-O
O-O 9. Re1 Be6 10. Bf3 Nbd7 11. a4 Qc7 12. a5 Rfc8 13. Be3 h6 14. h3 b5 15. axb6
Nxb6 16. Na5 Rab8 17. Qd2 Nc4 18. Nxc4 Bxc4 19. Rab1 Qc6 20. Rec1 Bd8 21. Nd5
Bxd5 22. exd5 Qb7 23. c4 a5 24. b3 Bb6 25. Rc3 Bxe3 26. Qxe3 Rc5 27. Ra1 Qc7 28.
Rac1 Rc8 29. Be4 Qb6 30. Bf5 R8c7 31. Rd3 Ra7 32. Ra1 Ra8 33. g4 Re8 34. g5 Nh5
35. g6 Nf4 36. gxf7+ Kxf7 37. Qe4 Nxd3 38. Be6+ Ke7 39. Qxd3 Rc7 40. Qg6 Kd8 41.
b4 Rf8 42. c5 dxc5 43. Rxa5 Ra7 44. Rxc5 Rc7 45. Qc2 Rf4 46. Qh7 Qd6 47. Rxc7
Kxc7 48. Qxg7+ Kb6 49. Qxh6 Qxb4 50. Bg4+ Ka5 51. Qh4 Qe1+ 52. Kg2 Qe4+ 53. Kg1
Qxd5 54. Qe7 Qd4 55. Qc7+ Kb4 56. Qc2 Rf6 57. Qb1+ Kc5 58. Qc2+ Kd6 59. Qa2 Ke7
60. Qa3+ Rd6 61. Qg3 Rf6 62. Qa3+ Rd6 63. Qg3 Rh6 64. Qa3+ Qd6 65. Qxd6+ Kxd6
66. f3 Ke7 67. Kf2 Kf6 68. Kg3 Kg5 69. Bc8 Rc6 70. h4+ Kf6 71. Bg4 Rc3 72. Kg2
Ke7 73. Bf5 Rc4 74. Kg3 Rf4 75. Bg4 Kd6 76. Bh5 Kd5 77. Bg6 Rf6 78. Be4+ Ke6 79.
Kg4 Kf7 1/2-1/2

[Event "24th Dubai Open A 2024"]
[Site "Dubai UAE"]
[Date "2024.05.28"]
[Round "4.4"]
[White "Jumabayev, Rinat"]
[Black "Can, Emre"]
[Result "1/2-1/2"]
[WhiteTitle "GM"]
[BlackTitle "GM"]
[WhiteElo "2595"]
[BlackElo "2549"]
[WhiteFideId "13702661"]
[BlackFideId "6302181"]
[EventDate "2024.05.25"]

1. d4 d5 2. c4 e6 3. Nf3 Nf6 4. g3 Bb4+ 5. Bd2 Be7 6. Bg2 O-O 7. O-O Nbd7 8. Qc2
c6 9. Rc1 a5 10. a3 h6 11. Bf4 Nh5 12. Be3 Nhf6 13. Bh3 b6 14. cxd5 cxd5 15. Nc3
Ba6 16. a4 Rc8 17. Qd1 Nb8 18. Ne5 Nfd7 19. Nd3 Nc6 20. Nb5 Nf6 21. Qb3 Qd7 22.
Ne5 Nxe5 23. dxe5 Ne4 24. Bxb6 Bc5 25. Bxc5 Nxc5 26. Qa3 Bxb5 27. Rxc5 Bxe2 28.
Re1 Rxc5 29. Qxc5 Rc8 30. Qxa5 Rc2 31. Qb4 1/2-1/2

[Event "24th Dubai Open A 2024"]
[Site "Dubai UAE"]
[Date "2024.05.28"]
[Round "4.5"]
[White "Sethuraman, S.P."]
[Black "Ioannidis, Evgenios"]
[Result "1-0"]
[WhiteTitle "GM"]
[BlackTitle "GM"]
[WhiteElo "2588"]
[BlackElo "2518"]
[WhiteFideId "5021596"]
[BlackFideId "4229274"]
[EventDate "2024.05.25"]

1. e4 e5 2. Nf3 Nc6 3. Bb5 a6 4. Ba4 Nf6 5. O-O Bc5 6. c3 b5 7. Bb3 d6 8. d4 Bb6
9. Be3 O-O 10. Nbd2 h6 11. Qe2 Ng4 12. a4 Na5 13. axb5 axb5 14. Bd5 Rb8 15. b4
Nc4 16. Nxc4 bxc4 17. Qxc4 Qe7 18. h3 Nxe3 19. fxe3 Kh8 20. Nd2 exd4 21. cxd4 c5
22. Nf3 cxd4 23. exd4 Bd7 24. Kh1 Qe8 25. Rfe1 f6 26. Qc1 Qh5 27. Ra3 g5 28. e5
Rbc8 29. Qd2 dxe5 30. dxe5 Bf5 31. Nd4 fxe5 32. Nxf5 Rxf5 33. Be6 Rd8 34. Qxd8+
Bxd8 35. Bxf5 Bb6 36. Bg4 Qf7 37. Rd1 Bd4 38. b5 h5 39. Bf3 Qf4 40. b6 e4 41.
Rxd4 Qc1+ 42. Rd1 Qxa3 43. b7 Qf8 44. Rc1 1-0

[Event "24th Dubai Open A 2024"]
[Site "Dubai UAE"]
[Date "2024.05.28"]
[Round "4.6"]
[White "Muradli, Mahammad"]
[Black "Sultan, Ibrahim"]
[Result "1-0"]
[WhiteTitle "GM"]
[BlackTitle "IM"]
[WhiteElo "2560"]
[BlackElo "2171"]
[WhiteFideId "13409301"]
[BlackFideId "9301143"]
[EventDate "2024.05.25"]

1. Nf3 d5 2. e3 Nf6 3. c4 c6 4. d4 g6 5. Nc3 Bg7 6. Be2 O-O 7. O-O Bg4 8. cxd5
Nxd5 9. h3 Bf5 10. Qb3 Nxc3 11. bxc3 Qc7 12. Ba3 Re8 13. Ng5 Be6 14. Nxe6 fxe6
15. Qxe6+ Kh8 16. f4 Nd7 17. f5 Nf8 18. Qf7 Qa5 19. Bc4 e6 20. Bb4 Qd8 21. fxe6
Qg5 22. Rf3 a5 23. Bd6 b5 24. h4 Qh6 25. e7 bxc4 26. exf8=Q+ Bxf8 27. Bf4 Qg7
28. Be5 Rxe5 29. dxe5 Qxe5 30. Qxc4 c5 31. Rd1 Rb8 32. Qf4 Bg7 33. Rd7 h6 34.
Qxe5 Bxe5 35. c4 Kg8 36. Rd5 Rb1+ 37. Rf1 Bh2+ 38. Kf2 Bg3+ 39. Ke2 Rb2+ 40. Rd2
Rb4 41. Rd8+ Kg7 42. Rd7+ Kg8 43. Rf6 Bxh4 44. Rxg6+ Kf8 45. Rxh6 Ke8 46. Ra7 1-0

[Event "24th Dubai Open A 2024"]
[Site "Dubai UAE"]
[Date "2024.05.28"]
[Round "4.7"]
[White "Iniyan, Pa"]
[Black "Indjic, Aleksandar"]
[Result "1-0"]
[WhiteTitle "GM"]
[BlackTitle "GM"]
[WhiteElo "2493"]
[BlackElo "2603"]
[WhiteFideId "25002767"]
[BlackFideId "911925"]
[EventDate "2024.05.25"]

1. d4 Nf6 2. c4 c5 3. d5 g6 4. Nc3 Bg7 5. e4 d6 6. Be2 O-O 7. Nf3 e6 8. Bf4 exd5
9. cxd5 Bg4 10. h3 Bxf3 11. Bxf3 Qe7 12. O-O Nbd7 13. Qd2 a6 14. a4 h5 15. Rae1
Nh7 16. Bd1 Rab8 17. Bh2 b5 18. axb5 axb5 19. f4 b4 20. Na4 Bd4+ 21. Kh1 Nhf6
22. e5 Nxd5 23. Bb3 N7b6 24. Nxb6 Nxb6 25. f5 Kh7 26. exd6 Qf6 27. fxg6+ Qxg6
28. Bxf7 Rxf7 29. Rxf7+ Qxf7 30. Re7 Rb7 31. Rxf7+ Rxf7 32. Bg1 Bxg1 33. Kxg1
Nd7 34. Qg5 Nf6 35. Qxc5 b3 36. Qg5 1-0

[Event "24th Dubai Open A 2024"]
[Site "Dubai UAE"]
[Date "2024.05.28"]
[Round "4.8"]
[White "Gholami Orimi, Mahdi"]
[Black "Safarli, Eltaj"]
[Result "1/2-1/2"]
[WhiteTitle "IM"]
[BlackTitle "GM"]
[WhiteElo "2470"]
[BlackElo "2594"]
[WhiteFideId "12558486"]
[BlackFideId "13402129"]
[EventDate "2024.05.25"]

1. d4 Nf6 2. c4 b6 3. Nc3 Bb7 4. Qc2 Nc6 5. d5 Nb4 6. Qd1 e6 7. a3 Na6 8. e4 Nc5
9. Bd3 exd5 10. cxd5 c6 11. Bc2 cxd5 12. exd5 Bd6 13. Nge2 O-O 14. b4 Na6 15.
Qd3 Re8 16. Bg5 g6 17. h3 Rc8 18. O-O Nc7 19. Bb3 Bf8 20. Ng3 h6 21. Be3 Bg7 22.
Rfe1 d6 23. Qd2 Kh7 24. Bd4 Ng8 25. Bxg7 Kxg7 26. Ba4 Rxe1+ 27. Rxe1 Nf6 28.
Nge4 Nxe4 29. Rxe4 Qf6 30. Rf4 Qe5 31. Re4 Qf6 32. Rd4 a6 33. Ne4 Qe7 34. Bc6
Bxc6 35. dxc6 d5 36. Nc3 Qf6 37. Nxd5 1/2-1/2

[Event "24th Dubai Open A 2024"]
[Site "Dubai UAE"]
[Date "2024.05.28"]
[Round "4.9"]
[White "Zhao, Yuanhe"]
[Black "Moroni, Luca Jr"]
[Result "1/2-1/2"]
[WhiteTitle "IM"]
[BlackTitle "GM"]
[WhiteElo "2463"]
[BlackElo "2580"]
[WhiteFideId "8609497"]
[BlackFideId "865834"]
[EventDate "2024.05.25"]

1. c4 Nf6 2. Nf3 g6 3. Nc3 Bg7 4. d4 O-O 5. e4 d6 6. h3 e5 7. d5 Nh5 8. Nh2 Qe8
9. Be2 Nf4 10. Bf3 f5 11. h4 Na6 12. g3 Nh3 13. Bg2 fxe4 14. Be3 Bh6 15. Bxh6
Nxf2 16. Qe2 Nd3+ 17. Kd2 Rf2 18. Nxe4 Rxe2+ 19. Kxe2 Qa4 20. b3 Qa3 21. Kxd3
Qb2 22. Bd2 Nc5+ 23. Nxc5 dxc5 24. Ke2 Bf5 25. Rac1 e4 26. Rc3 h5 27. Rhc1 Qxa2
28. R1c2 Qb1 29. Be3 a5 30. Rc1 Qb2+ 31. R1c2 Qb1 32. Rc1 Qb2+ 33. R1c2 1/2-1/2

[Event "24th Dubai Open A 2024"]
[Site "Dubai UAE"]
[Date "2024.05.28"]
[Round "4.10"]
[White "Sanal, Vahap"]
[Black "Durak, Can"]
[Result "0-1"]
[WhiteTitle "GM"]
[BlackTitle "IM"]
[WhiteElo "2566"]
[BlackElo "2434"]
[WhiteFideId "6300545"]
[BlackFideId "44552971"]
[EventDate "2024.05.25"]

1. e4 e5 2. Nf3 Nf6 3. Nxe5 d6 4. Nf3 Nxe4 5. d4 d5 6. Bd3 Bd6 7. O-O O-O 8. c4
c6 9. Nc3 Nxc3 10. bxc3 dxc4 11. Bxc4 Bf5 12. Bg5 Qa5 13. d5 Qc5 14. Bb3 cxd5
15. Bxd5 Nc6 16. Be3 Qa3 17. Nh4 Be6 18. Bxe6 fxe6 19. Nf3 Bc7 20. Rb1 Rab8 21.
Ng5 Qe7 22. Qb3 Rf6 23. Ne4 Rf5 24. Rfe1 b6 25. Ng3 Bxg3 26. hxg3 Na5 27. Qc2
Qf6 28. g4 Rd5 29. Bd4 Qf7 30. Qe4 Nc6 31. Be3 Rc8 32. c4 Re5 33. Qd3 h5 34. g5
Rf5 35. Qe4 Re5 36. Qd3 Rf5 37. Qe2 Ne5 38. Bd4 Nxc4 39. Rbc1 e5 40. g6 Qe6 41.
a4 a6 42. f4 b5 43. axb5 axb5 44. fxe5 Rg5 45. Rcd1 h4 46. Kh2 Rxg6 47. Rf1 Re8
48. Rf4 Nxe5 49. Bxe5 Qxe5 50. Qxe5 Rxe5 51. Rd8+ Kh7 52. Rxh4+ Rh6 53. g3 Re4
54. Rxh6+ Kxh6 55. Rd6+ g6 56. Rd5 b4 57. Kh3 g5 58. g4 b3 59. Rb5 Re3+ 60. Kg2
Rd3 61. Kf2 Kg6 62. Ke2 Rh3 63. Rb6+ Kf7 64. Kd2 b2 65. Kc2 Rh2+ 66. Kb1 Rg2 67.
Rb4 Kf6 68. Re4 Kf7 69. Ka2 Kf6 70. Kb1 Rf2 71. Ra4 Rf4 72. Ra6+ Ke5 73. Ra5+
Kf6 74. Ra6+ Kg7 75. Ra7+ Kg6 76. Ra6+ Rf6 77. Ra8 Rb6 78. Rg8+ Kf6 79. Rf8+ Kg7
80. Rf1 Rb4 81. Rg1 Kf6 82. Rf1+ Ke6 83. Re1+ Kd5 84. Re8 Rxg4 85. Kxb2 Re4 86.
Rf8 Ke5 87. Kc2 Rf4 88. Rg8 Kf5 0-1

[Event "24th Dubai Open A 2024"]
[Site "Dubai UAE"]
[Date "2024.05.28"]
[Round "4.11"]
[White "Mammadzada, Gunay"]
[Black "Li, Di"]
[Result "1/2-1/2"]
[WhiteTitle "IM"]
[BlackTitle "GM"]
[WhiteElo "2436"]
[BlackElo "2563"]
[WhiteFideId "13403729"]
[BlackFideId "8607508"]
[EventDate "2024.05.25"]

1. Nf3 d6 2. d4 g6 3. c4 Bg7 4. Nc3 Nc6 5. e4 Bg4 6. Be3 e5 7. d5 Nd4 8. Be2
Bxf3 9. Bxf3 c5 10. dxc6 bxc6 11. O-O Ne7 12. c5 O-O 13. Rc1 h5 14. cxd6 Qxd6
15. Be2 Rad8 16. Qa4 Kh7 17. Qc4 Bh6 18. Bxh6 Kxh6 19. Qd3 Kg7 20. Qe3 Ng8 21.
h3 Nf6 22. Rfe1 Nd7 23. Bc4 Qb4 24. b3 Nb6 25. Bf1 Rd6 26. f4 exf4 27. Qxf4 Ne6
28. Qf2 Rd4 29. Be2 Qe7 30. e5 Rfd8 31. Rf1 Nf4 32. Rce1 Qxe5 33. Kh1 Qf5 34.
Bd1 R8d7 35. Bc2 Nd3 36. Qxf5 gxf5 37. Re3 f4 38. Ref3 Ne5 39. Rxf4 Rxf4 40.
Rxf4 Rd2 41. Bf5 Nd5 42. Nxd5 cxd5 43. Kg1 Rxa2 44. Rd4 Ra5 45. b4 Rb5 46. Bd3
Nc6 47. Bxb5 Nxd4 48. Ba4 Kf6 49. Kf2 h4 50. g3 Kg5 51. Be8 f5 52. gxh4+ Kxh4
53. Bf7 f4 54. Kg2 Nc2 55. Kf3 Nxb4 56. Kxf4 a5 57. Ke3 a4 58. Kd4 a3 59. Kc3 a2
60. Kb2 d4 61. Be6 d3 62. Bf5 d2 63. Bg4 Kg3 64. Bd1 Kxh3 65. Ba4 Kg3 66. Bd1
Kf2 67. Bb3 Ke2 68. Ba4 Kd3 69. Bd1 Kc4 70. Bb3+ Kd4 71. Bd1 Ke4 72. Ba4 Ke3 73.
Bd1 Nd5 74. Bb3 Nc3 75. Bc2 Kd4 76. Bb3 Kc5 77. Bc2 Kb4 78. Bb3 Ne2 79. Bd1 Nc1
80. Bh5 Kc4 81. Bd1 Kd3 82. Bc2+ Ke2 83. Ba4 Ke1 84. Ka1 Ne2 85. Kb2 Kf2 86. Bc2
Nc3 87. Bb3 Ke3 88. Bc2 Kd4 89. Bb3 Ne2 90. Bd1 Nc1 91. Ba4 Nd3+ 92. Kxa2 Kc3
93. Kb1 Nb2 94. Bc2 Nc4 95. Bd1 Kd3 96. Bh5 Ne3 97. Kb2 Nd5 98. Bg4 Nc3 99. Bf5+
Ke3 100. Bc2 d1=Q 101. Bxd1 Nxd1+ 1/2-1/2

[Event "24th Dubai Open A 2024"]
[Site "Dubai UAE"]
[Date "2024.05.28"]
[Round "4.12"]
[White "Hakobyan, Erik"]
[Black "Pang, Tao"]
[Result "1/2-1/2"]
[WhiteTitle "FM"]
[BlackTitle "IM"]
[WhiteElo "2335"]
[BlackElo "2496"]
[WhiteFideId "13313940"]
[BlackFideId "8609950"]
[EventDate "2024.05.25"]

1. d4 d5 2. c4 e6 3. Nf3 Nf6 4. g3 dxc4 5. Bg2 Bb4+ 6. Bd2 a5 7. O-O Nc6 8. e3
Rb8 9. Bxb4 axb4 10. Nfd2 e5 11. Bxc6+ bxc6 12. dxe5 Ng4 13. Nxc4 Qd5 14. b3 O-O
15. f4 Rd8 16. Nbd2 f6 17. Qe2 fxe5 18. Rad1 Bf5 19. e4 Qc5+ 20. Kg2 Be6 21. h3
Rxd2 22. Qxd2 Bxc4 23. Rfe1 exf4 24. gxf4 Nf6 25. bxc4 Qxc4 26. Rc1 Qe6 27. Qe2
Ra8 28. Qc4 Rxa2+ 29. Kg1 Qxc4 30. Rxc4 b3 31. Rb1 Rc2 32. Rxc2 bxc2 33. Rc1
Nxe4 34. Rxc2 Nf6 35. Rxc6 Nd5 36. Rc4 c6 37. Kf2 Kf7 38. Kf3 Ne7 39. Ke4 Ke6
40. h4 g6 41. h5 Kf6 42. Rc5 Ke6 43. Re5+ Kf6 44. Ra5 Nf5 45. Ra6 Ng3+ 46. Kf3
Nxh5 47. Rxc6+ Kg7 48. Rc7+ Kh6 49. Rf7 Ng7 50. Ke4 Nf5 51. Ke5 Ne3 52. Ke6 Ng2
53. Ke5 Ne3 54. Ra7 Nf5 55. Kf6 Ng3 56. Kf7 Kh5 57. Ke6 Kg4 58. Ke5 Ne2 59. Ra4
Kf3 1/2-1/2

[Event "24th Dubai Open A 2024"]
[Site "Dubai UAE"]
[Date "2024.05.28"]
[Round "4.13"]
[White "George Micheal, Kevin"]
[Black "Muthaiah, AL"]
[Result "1/2-1/2"]
[WhiteTitle "IM"]
[BlackTitle "IM"]
[WhiteElo "2258"]
[BlackElo "2493"]
[WhiteFideId "10669515"]
[BlackFideId "5092442"]
[EventDate "2024.05.25"]

1. e4 c5 2. Nf3 e6 3. g3 Nc6 4. Bg2 Nf6 5. Qe2 e5 6. O-O Be7 7. c3 d6 8. Rd1 O-O
9. d4 cxd4 10. cxd4 Bg4 11. dxe5 Nxe5 12. h3 Nxf3+ 13. Bxf3 Bxf3 14. Qxf3 Qc8
15. Kg2 Qe6 16. Nc3 Rac8 17. Be3 a6 18. Rd4 h6 19. Rad1 Rc4 20. Bf4 Rfc8 21. Qe3
Rxd4 22. Qxd4 Rc4 23. Qd3 Rc6 24. Nd5 Bf8 25. Nxf6+ Qxf6 26. Rd2 Qe6 27. b3 Be7
28. Qd5 Qxd5 29. Rxd5 f6 30. Kf3 Kf7 31. Ke2 Ke6 32. Kd3 Rc5 33. Rd4 f5 34. b4
Rc6 35. a4 fxe4+ 36. Rxe4+ Kd7 37. Rc4 d5 38. Rxc6 Kxc6 39. Be5 g6 40. Kc3 b5
41. axb5+ Kxb5 42. Kd4 Kc6 43. Kc3 Kb5 44. Kd4 Kc6 45. Kc3 Kd7 46. g4 Ke6 47. f4
h5 48. Bb8 Bf6+ 49. Kd3 Be7 50. Kc3 Bf6+ 51. Kd3 Be7 52. Kc3 Bf6+ 1/2-1/2

[Event "24th Dubai Open A 2024"]
[Site "Dubai UAE"]
[Date "2024.05.28"]
[Round "4.14"]
[White "Mendonca, Leon Luke"]
[Black "Balajayeva, Khanim"]
[Result "1-0"]
[WhiteTitle "GM"]
[BlackTitle "IM"]
[WhiteElo "2640"]
[BlackElo "2376"]
[WhiteFideId "35028561"]
[BlackFideId "13406396"]
[EventDate "2024.05.25"]

1. e4 e5 2. Nf3 Nc6 3. Bb5 a6 4. Ba4 Nf6 5. O-O Be7 6. d3 b5 7. Bb3 d6 8. Bd2
O-O 9. h3 Bd7 10. a3 h6 11. Nc3 Re8 12. Nd5 Bf8 13. c4 Nxd5 14. cxd5 Ne7 15. Rc1
a5 16. d4 Ng6 17. Re1 Qb8 18. Be3 Ra6 19. Qd3 a4 20. Ba2 c5 21. dxc6 Bxc6 22.
Rc3 exd4 23. Bxd4 Qb7 24. Qc2 Re7 25. Rce3 Nf4 26. Nh4 Bd7 27. Rf3 Ne6 28. Bc3
Ng5 29. Rfe3 Bc6 30. Nf5 Rxe4 31. h4 Rxe3 32. Nxh6+ Kh8 33. Rxe3 Be4 34. Qe2 d5
35. hxg5 Kh7 36. Nxf7 1-0

[Event "24th Dubai Open A 2024"]
[Site "Dubai UAE"]
[Date "2024.05.28"]
[Round "4.15"]
[White "Vakhidov, Jakhongir"]
[Black "Mammadova, Gulnar"]
[Result "1-0"]
[WhiteTitle "GM"]
[BlackTitle "IM"]
[WhiteElo "2599"]
[BlackElo "2359"]
[WhiteFideId "14201801"]
[BlackFideId "13403508"]
[EventDate "2024.05.25"]

1. c4 Nf6 2. Nc3 e5 3. Nf3 Nc6 4. g3 d5 5. cxd5 Nxd5 6. Bg2 Bc5 7. O-O O-O 8. d3
h6 9. Nxd5 Qxd5 10. Nd2 Qd8 11. Nc4 Be6 12. Bxc6 bxc6 13. Be3 Bb6 14. Qc2 Re8
15. b4 Bd4 16. Rac1 Bd5 17. Qd2 Qd7 18. f3 f5 19. Rf2 Bxc4 20. Rxc4 Bxe3 21.
Qxe3 a5 22. bxa5 Rxa5 23. a4 Rea8 24. Rf1 Rxa4 25. Rxa4 Rxa4 26. Qxe5 Ra8 27.
Kf2 Re8 28. Qc5 Qe6 29. Re1 Kh8 30. Qd4 Kh7 31. Qf4 Re7 32. h4 c5 33. e4 g6 34.
h5 c4 35. hxg6+ Kg7 36. dxc4 Qxc4 37. Qxf5 Qd4+ 38. Re3 c6 39. Qa5 Kxg6 40. Qc3
Qb6 41. Qb3 Qd4 42. Qd3 Qc5 43. Kg2 Rb7 44. Re2 Ra7 45. Rc2 Qe5 46. Rxc6+ Kh7
47. Rxh6+ Kg7 48. Rc6 1-0

[Event "24th Dubai Open A 2024"]
[Site "Dubai UAE"]
[Date "2024.05.28"]
[Round "4.16"]
[White "Srihari, L R"]
[Black "Krawczyk, Flawian"]
[Result "1-0"]
[WhiteTitle "IM"]
[BlackTitle "CM"]
[WhiteElo "2485"]
[BlackElo "2315"]
[WhiteFideId "46617116"]
[BlackFideId "21881413"]
[EventDate "2024.05.25"]

1. d4 Nf6 2. c4 e6 3. Nf3 d5 4. Nc3 Bb4 5. e3 O-O 6. Bd2 b6 7. cxd5 exd5 8. Bd3
c5 9. O-O Ba6 10. Bxa6 Nxa6 11. Qa4 Nc7 12. dxc5 Bxc5 13. Rfd1 Qe7 14. Ne2 Ne4
15. Ned4 Qf6 16. Be1 Rfd8 17. Rac1 a5 18. a3 g5 19. Qc6 Bd6 20. Nd2 Nc5 21. Nf1
N7e6 22. Nxe6 fxe6 23. b4 axb4 24. axb4 Na4 25. Ra1 b5 26. Qxb5 Nb2 27. Rxa8
Rxa8 28. Rxd5 exd5 29. Qxd5+ Kg7 30. Qxa8 Nd3 31. Qb7+ Kh6 32. Qd5 Nxe1 33. Qd2
Bxb4 34. Qxb4 Qxf2+ 35. Kxf2 Nd3+ 36. Kf3 Nxb4 37. Ke4 Kg6 38. Ke5 Nd3+ 39. Ke4
Ne1 40. g4 h5 41. gxh5+ Kxh5 42. Kf5 Kh4 43. e4 Nf3 44. e5 Nd4+ 45. Kf6 g4 46.
e6 Nb5 47. e7 Nd6 48. Ke6 Ne8 49. Kf7 Nc7 50. Ne3 Kh3 51. Nd5 Nb5 52. Ke6 Nd4+
53. Kd7 Kxh2 54. e8=Q 1-0

[Event "24th Dubai Open A 2024"]
[Site "Dubai UAE"]
[Date "2024.05.28"]
[Round "4.17"]
[White "Grivas, Efstratios"]
[Black "Rathanvel, V S"]
[Result "0-1"]
[WhiteTitle "GM"]
[BlackTitle "IM"]
[WhiteElo "2396"]
[BlackElo "2471"]
[WhiteFideId "4200039"]
[BlackFideId "25002112"]
[EventDate "2024.05.25"]

1. d4 Nf6 2. Nf3 d5 3. g3 b5 4. Bg2 e6 5. O-O Be7 6. Bg5 Nbd7 7. Qd3 a6 8. a4 b4
9. Nbd2 a5 10. c4 bxc3 11. Qxc3 c5 12. dxc5 Nxc5 13. Bxf6 gxf6 14. e4 Bb7 15.
exd5 Bxd5 16. Nd4 O-O 17. Nc4 Ne4 18. Bxe4 Bxe4 19. Rfd1 Qc7 20. Rac1 Rfd8 21.
Nb5 Qc5 22. Rxd8+ Rxd8 23. Qxa5 Ba8 24. Qc3 Qh5 25. f3 Bxf3 26. Ne3 Be4 27. Nd4
Bf8 28. b4 e5 29. g4 exd4 30. gxh5 dxc3 31. Rxc3 f5 32. b5 Bg7 33. Rb3 f4 34.
Nc4 Bd4+ 0-1

[Event "24th Dubai Open A 2024"]
[Site "Dubai UAE"]
[Date "2024.05.28"]
[Round "4.18"]
[White "Buksa, Nataliya"]
[Black "Movahed, Sina"]
[Result "0-1"]
[WhiteTitle "IM"]
[BlackTitle "IM"]
[WhiteElo "2383"]
[BlackElo "2463"]
[WhiteFideId "14123622"]
[BlackFideId "42520835"]
[EventDate "2024.05.25"]

1. e4 c5 2. c3 Nf6 3. e5 Nd5 4. Bc4 Nb6 5. Bb3 Nc6 6. d4 cxd4 7. cxd4 d5 8. Bc2
Nb4 9. Nc3 Bg4 10. Nge2 Nxc2+ 11. Qxc2 Rc8 12. Ng3 Bd7 13. Qd3 e6 14. O-O h5 15.
b3 h4 16. Nge2 h3 17. g3 Rc7 18. Nd1 Nc8 19. a3 Ne7 20. Bg5 a6 21. a4 Qc8 22.
Bxe7 Bxe7 23. Ne3 b5 24. f4 bxa4 25. bxa4 a5 26. Ra2 g6 27. g4 Rc6 28. Rb1 Bb4
29. Kf2 Qd8 30. Nc2 Be7 31. g5 Kf8 32. Ne3 Kg7 33. Rab2 Rc7 34. Nc3 Bb4 35. Na2
Be7 36. Nc3 Rh4 37. Rb8 Rc8 38. Rxc8 Bxc8 39. Kf3 Bxg5 40. fxg5 Qxg5 41. Ne2 Ba6
42. Rb5 Re4 43. Kf2 Qh4+ 44. Kf1 Bxb5 45. axb5 Qe7 46. Nc2 Qg5 47. b6 Qg2+ 48.
Ke1 Qxh2 49. b7 Qg1+ 50. Kd2 Qg5+ 51. Kc3 Qd8 52. Qb5 h2 53. Ng3 Rg4 54. Nh1 Rg1
55. Nf2 Qc7+ 56. Kd3 Rg3+ 57. Ne3 Qc1 58. Ng4 h1=Q 0-1

[Event "24th Dubai Open A 2024"]
[Site "Dubai UAE"]
[Date "2024.05.28"]
[Round "4.19"]
[White "Liyanage, Ranindu Dilshan"]
[Black "Sanikidze, Tornike"]
[Result "0-1"]
[WhiteTitle "IM"]
[BlackTitle "GM"]
[WhiteElo "2352"]
[BlackElo "2453"]
[WhiteFideId "9915834"]
[BlackFideId "13602608"]
[EventDate "2024.05.25"]

1. e4 c6 2. d4 d6 3. Nc3 Qc7 4. Nf3 Bg4 5. a4 e5 6. Be3 Nf6 7. h3 Bh5 8. Bd3
Nbd7 9. g4 Bg6 10. Nh4 O-O-O 11. Nxg6 hxg6 12. d5 Kb8 13. f3 a6 14. g5 Nh5 15.
dxc6 bxc6 16. Bxa6 d5 17. exd5 Bc5 18. Qd2 Qa7 19. Bxc5 Nxc5 20. Bf1 Ng3 21. Rh2
Rh4 22. Qf2 Nf5 23. O-O-O Rd4 24. Qe1 Nxa4 25. Qxe5+ Ka8 26. Bd3 Nxc3 27. bxc3
R4xd5 28. Qf4 Ne3 29. Re1 Qa1+ 30. Kd2 Rxd3+ 31. cxd3 Qb2+ 32. Kxe3 Re8+ 33. Kd4
Qb6+ 0-1

[Event "24th Dubai Open A 2024"]
[Site "Dubai UAE"]
[Date "2024.05.28"]
[Round "4.20"]
[White "Aliyev, Ravan"]
[Black "Sibashvili, Giorgi"]
[Result "0-1"]
[WhiteTitle "FM"]
[BlackTitle "IM"]
[WhiteElo "2352"]
[BlackElo "2423"]
[WhiteFideId "13409980"]
[BlackFideId "13602799"]
[EventDate "2024.05.25"]

1. d4 d5 2. c4 c6 3. Nf3 Nf6 4. e3 e6 5. b3 Ne4 6. Bd3 Bb4+ 7. Nfd2 f5 8. O-O
O-O 9. f3 Nf6 10. Bb2 c5 11. a3 cxd4 12. exd4 dxc4 13. bxc4 Bd6 14. Nc3 Nc6 15.
Ne2 e5 16. c5 Bb8 17. Bc4+ Kh8 18. Nb3 e4 19. f4 Ne7 20. Nd2 Bd7 21. d5 b6 22.
Nb3 b5 23. d6 bxc4 24. Bxf6 gxf6 25. Nd2 Be6 26. Nd4 Bg8 27. Rc1 Bxd6 28. cxd6
Qxd6 29. Nxc4 Bxc4 30. Rxc4 Rac8 31. Qe2 Rxc4 32. Qxc4 Rc8 33. Qa4 Rd8 34. Ne2
Qc5+ 35. Kh1 Rd2 36. Qe8+ Ng8 37. Ng3 Qxa3 38. Nxf5 Qd3 39. Rg1 Rd1 40. h3 Rxg1+
41. Kxg1 Qd5 42. Nh6 Kg7 43. Nxg8 Qxg8 44. Qxe4 a5 45. g4 Qb3 46. Qe7+ Qf7 47.
Qc5 a4 48. g5 fxg5 49. fxg5 Qf4 50. Kg2 Kg6 51. Qc2+ Kg7 52. Qc5 Kg6 53. Qc2+
Kxg5 54. Qxh7 Qd2+ 55. Kg3 Qc3+ 56. Kf2 a3 57. Qg8+ Kf5 58. Qd5+ Kf4 59. Qd6+
Ke4 60. Qg6+ Kd4 61. Qd6+ Kc4 62. Qe6+ Kb4 63. Qb6+ Ka4 64. Qa6+ Kb3 65. Qe6+
Kb2 66. Qb6+ Kc1 67. Qa6 Kb1 68. Kg1 Qd4+ 69. Kf1 a2 70. Qb5+ Kc2 71. Qe2+ Kb3
72. Qb5+ Qb4 73. Qd3+ Qc3 74. Qb5+ Ka3 75. Qa6+ Kb2 76. Qe2+ Kb1 77. Qb5+ Ka1
78. Qf5 Qc4+ 79. Ke1 Kb2 80. Qf2+ Kb3 0-1

[Event "24th Dubai Open A 2024"]
[Site "Dubai UAE"]
[Date "2024.05.28"]
[Round "4.21"]
[White "Zhai, Mo"]
[Black "Wang, Yanbin"]
[Result "1/2-1/2"]
[WhiteTitle "WGM"]
[WhiteElo "2348"]
[BlackElo "2415"]
[WhiteFideId "8600201"]
[BlackFideId "8617996"]
[EventDate "2024.05.25"]

1. d4 d5 2. c4 e6 3. Nc3 Nf6 4. cxd5 exd5 5. Bg5 c6 6. e3 h6 7. Bh4 Be7 8. Bd3
O-O 9. Nge2 Nh5 10. Bxe7 Qxe7 11. O-O Be6 12. Qd2 Nd7 13. Rae1 a5 14. Nc1 Nhf6
15. f3 Rfd8 16. Bb1 Nb6 17. b3 a4 18. Bc2 axb3 19. axb3 Nfd7 20. Qd3 Nf8 21.
N1e2 Ra5 22. Nf4 c5 23. dxc5 Rxc5 24. Nce2 Rdc8 25. Nd4 Rc3 26. Qd2 Bd7 27. Bd3
R3c7 28. Bb1 Qc5 29. Qf2 Qd6 30. Qd2 Qc5 31. Qf2 Qd6 32. Qd2 Qc5 1/2-1/2